000 00288nam a22001337a 4500
008 230907b ||||| |||| 00| 0 eng d
041 _aeng
080 _a53
082 _a53YAV
100 _a20
101 _aFIZIK
245 _aFUNDAMENTALS OF PHYSICS
_cYAVORSKY.N.B
942 _2udc
_cBK
999 _c60277
_d60277